Entre dos palacios / (Record no. 6434)

MARC details
000 -LEADER
campo de control de longitud fija 00742nam a2200241 i 4500
001 - NÚMERO DE CONTROL
campo de control 6434
003 - IDENTIFICADOR DE NÚMERO DE CONTROL
campo de control ES-MaACL
005 - FECHA Y HORA DE LA ÚLTIMA TRANSACCIÓN
campo de control 20230906144930.0
007 - CAMPO FIJO DE DESCRIPCIÓN FÍSICA--INFORMACIÓN GENERAL
campo de control de longitud fija t|
008 - DATOS DE LONGITUD FIJA--INFORMACIÓN GENERAL
campo de control de longitud fija 891121s1989 sp ||||1| spa d
020 ## - NÚMERO INTERNACIONAL ESTÁNDAR DEL LIBRO
Número Internacional Estándar del Libro 84-270-1312-4
080 ## - NÚMERO DE LA CLASIFICACIÓN DECIMAL UNIVERSAL
Número de la Clasificación Decimal Universal 893.1-31"19"
080 ## - NÚMERO DE LA CLASIFICACIÓN DECIMAL UNIVERSAL
Número de la Clasificación Decimal Universal 893.1(Mahfuz,N.7 E.03=6)
100 1# - ENTRADA PRINCIPAL--NOMBRE DE PERSONA
Nombre de persona Mahfuz, Naguib.
9 (RLIN) 75531
245 10 - MENCIÓN DEL TÍTULO
Título Entre dos palacios /
Mención de responsabilidad, etc. Naguib Mahfuz ; traduccion del arabe de Eugenia Galvez Vazquez... [et al.].
260 ## - PUBLICACIÓN, DISTRIBUCIÓN, ETC.
Lugar de publicación, distribución, etc. Barcelona :
Nombre del editor, distribuidor, etc. Alcor,
Fecha de publicación, distribución, etc. D.L. 1989.
300 ## - DESCRIPCIÓN FÍSICA
Extensión 342 p. ;
Dimensiones 24 cm.
490 1# - MENCIÓN DE SERIE
Mención de serie Las otras culturas
700 1# - ENTRADA AGREGADA--NOMBRE PERSONAL
Nombre de persona Gálvez Vázquez, Eugenia.
9 (RLIN) 53729
830 0# - PUNTO DE ACCESO ADICIONAL DE SERIE-TÍTULO UNIFORME
Título uniforme Las otras culturas
9 (RLIN) 227811
852 ## - LOCALIZACIÓN
Ubicación ES-MaACL
Número de control de estantería L-13622
Sublocalización o colección R.117160
Nota libre . - rust.
Holdings
Estatus retirado Estado de pérdida Estado de daño No para préstamo Biblioteca de origen Biblioteca actual Ubicación en estantería Fecha de adquisición Fuente de adquisición Total de préstamos Signatura topográfica completa Código de barras Visto por última vez Precio de reemplazo Tipo de ítem Koha
        Biblioteca del Ateneo de Madrid Biblioteca del Ateneo de Madrid Depósito 2 17/01/2008     L-13622 1006553 23/02/2023 23/02/2023 Libro impreso